| 000 | 00461nam a2200181Ia 4500 | ||
|---|---|---|---|
| 008 | 170705s9999 xx 000 0 und d | ||
| 020 | _a9780590441858 | ||
| 245 | _aBuzz said the bee / | ||
| 245 | _cby Wendy Cheyette Lewinson ; illustrated by Hans Wilhelm. | ||
| 260 | _aNew York : | ||
| 260 | _bScholastic, | ||
| 260 | _c1992 | ||
| 300 | _aunpaged : | ||
| 300 | _bcolor illustration ; | ||
| 300 | _c22cm. | ||
| 440 | _aHello Reader. | ||
| 500 | _a410 | ||
| 999 |
_c337299 _d337299 |
||